Normal view MARC view

Entry Personal Name

Number of records used in: 2

001 - CONTROL NUMBER

  • control field: 885

003 - CONTROL NUMBER IDENTIFIER

  • control field: OSt

005 - DATE AND TIME OF LATEST TRANSACTION

  • control field: 20230227103024.0

008 - FIXED-LENGTH DATA ELEMENTS

  • fixed length control field: 230227|| aca||aabn | a|a d

040 ## - CATALOGING SOURCE

  • Original cataloging agency: OSt
  • Transcribing agency: OSt

100 ## - HEADING--PERSONAL NAME

  • Personal name: Malloch, Kathy

670 ## - SOURCE DATA FOUND

  • Source citation: Work cat.: (OSt)0: Porter-O'Grady, Tim, 882, Quantum leadership: building better partnerships for sustainable health. /

If you have any concerns or questions; kindly contact the library


© Powered by WIUC ICT DIRECTORATE